000 00307nam a22001337a 4500
008 171019b xxu||||| |||| 00| 0 eng d
020 _a2900534563997
041 _aeng
080 _23RD
_a338
100 _a53
101 _aMEN
245 _aMANAGEMENT OF ELECTRONIC MEDIA
_cALBARRAN,A.B
942 _2udc
_cBK
999 _c34908
_d34908